2021 Formula One Winners - Statistics

General Stats
  • This quiz has been taken 576 times
  • The average score is 20 of 22
Answer Stats
Race Answer % Correct
Bahrain GP Lewis Hamilton
99%
Emilia Romagna GP Max Verstappen
99%
Portuguese GP Lewis Hamilton
96%
Spanish GP Lewis Hamilton
96%
Monaco GP Max Verstappen
96%
British GP Lewis Hamilton
94%
French GP Max Verstappen
93%
Styrian GP Max Verstappen
93%
Austrian GP Max Verstappen
93%
Russian GP Lewis Hamilton
92%
Belgian GP Max Verstappen
92%
Dutch GP Max Verstappen
92%
Sao Paulo GP Lewis Hamilton
90%
Qatar GP Lewis Hamilton
90%
Saudi Arabian GP Lewis Hamilton
90%
United States GP Max Verstappen
90%
Mexico City GP Max Verstappen
90%
Abu Dhabi GP Max Verstappen
90%
Azerbaijan GP Sergio Perez
87%
Turkish GP Valtteri Bottas
79%
Hungarian GP Esteban Ocon
78%
Italian GP Daniel Ricciardo
75%
No matching quizzes found
Score Distribution
Percent of People with Each Score
Percentile by Number Answered
Your Score History
You have not taken this quiz